গারোদের সংস্কৃতিক ও ঐতিহ্য / (Record no. 3403)
[ view plain ]
| 000 -LEADER | |
|---|---|
| fixed length control field | 00756nam a2200241 a 4500 |
| 001 - CONTROL NUMBER | |
| JCCL Control Number | 3403 |
| 003 - CONTROL NUMBER IDENTIFIER | |
| JCCL marc code | BD-JhCC |
| 005 - DATE AND TIME OF LATEST TRANSACTION | |
| control field | 20171113182930.0 |
| 008 - FIXED-LENGTH DATA ELEMENTS--GENERAL INFORMATION | |
| fixed length control field | 171113s1980 bg |||| b||| 000 0 ben d |
| 035 ## - SYSTEM CONTROL NUMBER | |
| system control number | (BD-JhCC)3403 |
| 040 ## - CATALOGING SOURCE | |
| Original cataloging agency | BD-JhCC |
| Modifying agency | BD-JhCC |
| 041 ## - LANGUAGE CODE | |
| Language code of Book | ben |
| 082 ## - DEWEY DECIMAL CLASSIFICATION NUMBER | |
| Classification number | 305.80095492 |
| Author mark and Year | SAT 1980 |
| 100 ## - MAIN ENTRY--PERSONAL NAME | |
| Personal name | সাত্তার, আব্দুস্ |
| 245 ## - TITLE STATEMENT | |
| Title | গারোদের সংস্কৃতিক ও ঐতিহ্য / |
| Statement of responsibility, etc | আব্দুস্ সাত্তার. |
| 260 ## - PUBLICATION, DISTRIBUTION, ETC. (IMPRINT) | |
| Place of publication, distribution, etc | ঢাকা : |
| Name of publisher, distributor, etc | বাংলা একাডেমী, |
| Date of publication, distribution, etc | 1980. |
| 300 ## - PHYSICAL DESCRIPTION | |
| Pagination | 143 p. : |
| Dimensions | 21 cm. |
| 504 ## - BIBLIOGRAPHY, ETC. NOTE | |
| Bibliography, etc | Includes Bibliographical Reference. |
| 650 ## - SUBJECT ADDED ENTRY--TOPICAL TERM | |
| Topical term or geographic name as entry element | Tribal Culture |
| 650 ## - SUBJECT ADDED ENTRY--TOPICAL TERM | |
| Topical term or geographic name as entry element | Garos |
| 942 ## - ADDED ENTRY ELEMENTS (KOHA) | |
| Source of classification or shelving scheme | Dewey Decimal Classification |
| Koha item type | Books |
| Source of classification or shelving scheme | Damaged status | Not for loan | Home library | Current library | Shelving location | Date of accession | Cost, normal purchase price | Total Checkouts | Full call number | Barcode | Date last seen | Copy number | Koha item type |
|---|---|---|---|---|---|---|---|---|---|---|---|---|---|
| Dewey Decimal Classification | JCC Rouf Library | JCC Rouf Library | General Stacks | 11/13/2017 | 15.00 | 305.80095492 SAT 1980 | 4003 | 11/13/2017 | C-1 | Books |